Sinh học phân tử
保存先:
| 共著者: | , |
|---|---|
| フォーマット: | 図書 |
| 言語: | Undetermined |
| 出版事項: |
Cần Thơ
Nxb. Đại học Cần Thơ
2002
|
| 主題: | |
| タグ: |
タグ追加
タグなし, このレコードへの初めてのタグを付けませんか!
|
| Thư viện lưu trữ: | Trung tâm Học liệu Trường Đại học Cần Thơ |
|---|
| LEADER | 00574nam a2200181Ia 4500 | ||
|---|---|---|---|
| 001 | CTU_192086 | ||
| 008 | 210402s9999 xx 000 0 und d | ||
| 082 | |a 572.8 | ||
| 082 | |b V305/T.3 | ||
| 110 | |a Trường đại học Cần Thơ | ||
| 110 | |b Viện nghiên cứu phát triển công nghệ sinh học | ||
| 245 | 0 | |a Sinh học phân tử | |
| 260 | |a Cần Thơ | ||
| 260 | |b Nxb. Đại học Cần Thơ | ||
| 260 | |c 2002 | ||
| 650 | |a Molecular biology | ||
| 904 | |i Tuyến | ||
| 980 | |a Trung tâm Học liệu Trường Đại học Cần Thơ | ||